[Event "ICS rated bullet match"]
[Site "204.178.125.65"]
[Date "2000.06.15"]
[Round "?"]
[White "JSBach"]
[Black "Hossa"]
[Result "0-1"]
[WhiteElo "2111"]
[BlackElo "2303"]
[PlyCount "144"]
[EventDate "2000.??.??"]

1. d4 e6 2. Bf4 Nf6 3. Nc3 Bb4 4. Qd3 d5 5. O-O-O Nh5 6. Bd2 c5 7. Qb5+ Bd7 8.
Qd3 cxd4 9. Qxd4 Nc6 10. Qg4 g6 11. e3 Nf6 12. Qf3 Rc8 13. e4 d4 14. Nb5 Be7
15. Bg5 Ne5 16. Qf4 Nfg4 17. Bxe7 Qxe7 18. Nf3 d3 19. Nxe5 Bxb5 20. Bxd3 Bxd3
21. Nxd3 Qc7 22. Qxc7 Rxc7 23. h4 Ke7 24. Rd2 Rd8 25. Re1 Rcd7 26. Red1 Kf6 27.
a4 Rd4 28. f3 Ne3 29. e5+ Kg7 30. Re1 Rxa4 31. Rde2 Ra1+ 32. Kd2 Rxe1 33. Kxe1
Nxc2+ 34. Rxc2 Rxd3 35. Rc7 Rb3 36. Rc2 h5 37. Ke2 Rb4 38. g3 Rb5 39. f4 Rb3
40. Kf2 Rd3 41. Kg2 b5 42. Kf2 b4 43. Kg2 b3 44. Re2 Kh6 45. Kf2 Kh7 46. Kg2
Kg8 47. Kf2 Kf8 48. Kg2 Ke7 49. Rf2 Kd7 50. Kh3 Kc6 51. Rg2 Rd1 52. Re2 Kc5 53.
Re3 Kc4 54. Rc3+ Kb4 55. Rc7 a5 56. Rb7+ Ka4 57. Rxf7 Rh1+ 58. Kg2 Rb1 59. Rf6
Rxb2+ 60. Kh3 Rd2 61. Rxe6 b2 62. Rb6 Ka3 63. Rb5 a4 64. e6 Re2 65. f5 gxf5 66.
Rb7 Rxe6 67. Kg2 Ka2 68. Rh7 a3 69. Rxh5 b1=Q 70. g4 Re2+ 71. Kg3 Qg1+ 72. Kf3
Qxg4# 0-1

[Event "ICS Rated standard match"]
[Site "204.178.125.65"]
[Date "2000.06.15"]
[Round "?"]
[White "Hossa"]
[Black "PostModernist"]
[Result "0-1"]
[WhiteElo "2330"]
[BlackElo "2372"]
[PlyCount "100"]
[EventDate "2000.??.??"]

1. Nf3 Nf6 2. c4 e6 3. g3 b6 4. Bg2 Bb7 5. d4 Be7 6. Nc3 Ne4 7. O-O O-O 8. Qc2
Nxc3 9. bxc3 f5 10. a4 Be4 11. Qa2 Nc6 12. Rd1 Na5 13. Bd2 Qe8 14. Bf4 d6 15.
Bf1 Bf6 16. Be3 c5 17. Ng5 Bb7 18. Nf3 Rc8 19. dxc5 dxc5 20. Bg2 Bxc3 21. Rac1
Bf6 22. Ne1 Qf7 23. Bxb7 Qxb7 24. Nf3 e5 25. Qb1 e4 26. Ng5 Rfd8 27. Qc2 Bxg5
28. Bxg5 Rd4 29. Rxd4 cxd4 30. Qb2 Qd7 31. Qb5 Qf7 32. Qd5 h6 33. Bf4 g5 34.
Qxf7+ Kxf7 35. Bd2 Rxc4 36. h4 Rxc1+ 37. Bxc1 Nb3 38. Bb2 d3 39. exd3 exd3 40.
Kf1 Nd2+ 41. Ke1 Nf3+ 42. Kd1 gxh4 43. gxh4 Kg6 44. Kc1 a6 45. Ba3 Kh5 46. Bf8
b5 47. axb5 axb5 48. Kb2 b4 49. Bxb4 Kxh4 50. Kc3 d2 0-1

[Event "ICS rated bullet match"]
[Site "204.178.125.65"]
[Date "2000.06.15"]
[Round "?"]
[White "JSBach"]
[Black "Hossa"]
[Result "0-1"]
[WhiteElo "2120"]
[BlackElo "2311"]
[PlyCount "68"]
[EventDate "2000.??.??"]

1. Nc3 d5 2. d4 Bf5 3. Bf4 e6 4. Qd2 Nf6 5. O-O-O Bb4 6. e3 Ne4 7. Qe1 Nxc3 8.
bxc3 Ba3+ 9. Kb1 c6 10. Ka1 Bxc2 11. Rd2 Bg6 12. Be2 c5 13. dxc5 Qa5 14. Be5 f6
15. Bd4 e5 16. Bxe5 fxe5 17. Rxd5 Nc6 18. h4 Bxc5 19. Bg4 O-O 20. Rd7 Qa3 21.
Nf3 Bf7 22. Qd2 e4 23. Nd4 Ne5 24. Nb5 Qa5 25. Rd5 Nc4 26. Qd1 Qxb5 27. Rd2
Rad8 28. Bd7 Rxd7 29. a4 Qa5 30. Qb3 Rxd2 31. Rb1 Nxe3 32. fxe3 Bxb3 33. Re1
Qxc3+ 34. Kb1 Qb2# 0-1

[Event "ICS Rated standard match"]
[Site "204.178.125.65"]
[Date "2000.06.15"]
[Round "?"]
[White "PostModernist"]
[Black "Hossa"]
[Result "1-0"]
[WhiteElo "2386"]
[BlackElo "2316"]
[PlyCount "63"]
[EventDate "2000.??.??"]

1. e4 c5 2. c3 Nf6 3. e5 Nd5 4. d4 cxd4 5. Nf3 Nc6 6. Bc4 Nb6 7. Bb3 d5 8. exd6
dxc3 9. Nxc3 exd6 10. Ng5 Ne5 11. f4 h6 12. fxe5 hxg5 13. O-O d5 14. Nxd5 Be6
15. Ba4+ Nxa4 16. Qxa4+ Bd7 17. Qb3 Bc6 18. Rd1 Bc5+ 19. Kh1 Qb8 20. Qc3 b6 21.
Bxg5 Qb7 22. Nf4 a5 23. Qg3 Ba4 24. Rd2 Rc8 25. e6 O-O 26. b3 Bb5 27. Rd7 Qe4
28. Bf6 Qh7 29. Qg5 Bc6 30. Rf1 Bb5 31. exf7+ Rxf7 32. Rxf7 1-0

[Event "ICS rated blitz match"]
[Site "204.178.125.65"]
[Date "2000.06.15"]
[Round "?"]
[White "Hossa"]
[Black "PostModernist"]
[Result "0-1"]
[WhiteElo "2359"]
[BlackElo "2755"]
[PlyCount "112"]
[EventDate "2000.??.??"]

1. Nf3 Nf6 2. c4 e6 3. g3 b6 4. Bg2 Bb7 5. O-O c5 6. Nc3 Be7 7. e3 Nc6 8. d4
cxd4 9. exd4 d5 10. b3 dxc4 11. bxc4 O-O 12. Bg5 Na5 13. Ne5 Bxg2 14. Kxg2 Rc8
15. Qe2 Nxc4 16. Rad1 Nd5 17. Ne4 Nd6 18. Bxe7 Qxe7 19. Kg1 Nxe4 20. Qxe4 f6
21. Nf3 Nc3 22. Qd3 Nxd1 23. Rxd1 Rfd8 24. Re1 Rc6 25. Qe3 b5 26. Qd3 b4 27.
Nd2 Qd6 28. Nb3 Rdc8 29. Qf3 Rc2 30. Qb7 Qd5 31. Qxa7 Qf3 32. Rf1 Ra8 33. Qe7
Qc6 34. Qxb4 Raxa2 35. Qb8+ Kf7 36. Nc5 Rcb2 37. Qh8 Qf3 38. Qc8 Rxf2 39. Qb7+
Qxb7 40. Rxf2 Ra1+ 41. Rf1 Rxf1+ 42. Kxf1 Qf3+ 43. Kg1 Qd1+ 44. Kg2 Qxd4 45.
Nxe6 Qd2+ 46. Kf3 Kxe6 47. Ke4 Qxh2 48. Kd4 Qxg3 49. Kc4 Qe3 50. Kb5 Kd7 51.
Kb4 Kc7 52. Ka4 Kc6 53. Kb4 Kd5 54. Ka5 Qb3 55. Ka6 Kc6 56. Ka5 Qb5# 0-1

[Event "ICS rated blitz match"]
[Site "204.178.125.65"]
[Date "2000.06.15"]
[Round "?"]
[White "PostModernist"]
[Black "Hossa"]
[Result "1-0"]
[WhiteElo "2758"]
[BlackElo "2356"]
[PlyCount "103"]
[EventDate "2000.??.??"]

1. e4 c6 2. d4 d5 3. e5 Bf5 4. h4 Nd7 5. g4 Be6 6. Nc3 h5 7. gxh5 Bf5 8. Bh3
Bxh3 9. Nxh3 e6 10. Qf3 Ne7 11. Bg5 c5 12. dxc5 Qc7 13. O-O-O Nxe5 14. Qe2 Nc4
15. Ne4 f6 16. Bxf6 O-O-O 17. Bc3 Nf5 18. Neg5 Re8 19. Nxe6 Qxc5 20. Nhf4 Qc6
21. Qd3 Ncd6 22. Ng6 Rxe6 23. Nxh8 d4 24. Bxd4 Re4 25. Bc3 Qe8 26. Ng6 Kb8 27.
Qd5 Re2 28. Rhe1 Rxe1 29. Rxe1 Qc8 30. Qg8 Be7 31. Qxc8+ Nxc8 32. Re5 Bf6 33.
Rxf5 Bxc3 34. bxc3 Nd6 35. Re5 b5 36. Re7 Nf5 37. Rxg7 a5 38. Ne7 Nxg7 39. h6
Ne6 40. h7 Kc7 41. h8=Q Kd7 42. Ng6 b4 43. cxb4 axb4 44. Qf6 Nd8 45. Ne5+ Kc7
46. Qe7+ Kb6 47. Qxd8+ Ka6 48. Qa8+ Kb6 49. Qc6+ Ka7 50. Nd7 b3 51. Qb6+ Ka8
52. Qb8# 1-0

[Event "ICS rated blitz match"]
[Site "204.178.125.65"]
[Date "2000.06.15"]
[Round "?"]
[White "Hossa"]
[Black "StrongBach"]
[Result "1-0"]
[WhiteElo "2353"]
[BlackElo "1897"]
[PlyCount "125"]
[EventDate "2000.??.??"]

1. e4 e5 2. Nf3 Nc6 3. Bc4 Bb4 4. c3 Bf8 5. O-O Nf6 6. d4 exd4 7. e5 Ng8 8.
cxd4 d5 9. exd6 Bxd6 10. Re1+ Nge7 11. Ng5 O-O 12. Qh5 Bf5 13. Nxf7 Bxh2+ 14.
Qxh2 Qxd4 15. Ne5+ Kh8 16. Nd2 Bg6 17. Nef3 Qb6 18. Bb3 Rac8 19. Be6 Rcd8 20.
Nc4 Qb4 21. Bd2 Qc5 22. Be3 Qb5 23. Qxc7 Nd5 24. Bxd5 Rxd5 25. Nfd2 Rfd8 26. a4
Qb4 27. b3 R5d7 28. Qh2 Rd5 29. Rac1 Nd4 30. Ne5 Be8 31. Bg5 Ra8 32. Qh4 a6 33.
Rc7 Rd6 34. Re7 Rdd8 35. Rxb7 Qxb7 36. Bxd8 Nxb3 37. Nxb3 Qxb3 38. a5 Qd5 39.
Bc7 Qd2 40. Rf1 Bb5 41. Ng6+ Kg8 42. Qe4 Re8 43. Ne7+ Kh8 44. Re1 Bc6 45. Qe3
Qb4 46. Bb6 Qg4 47. Qh3 Qg5 48. f4 Qf6 49. Bc5 Bb5 50. Qh5 h6 51. Qe5 Bd3 52.
Qxf6 gxf6 53. Re6 h5 54. Rxf6 Kh7 55. f5 Bc4 56. Rg6 Bd3 57. Rg5 Kh6 58. Rg3
Bc4 59. f6 h4 60. Be3+ Kh5 61. Rg5+ Kh6 62. Rc5+ Kh7 63. Rh5# 1-0

[Event "ICS rated standard match"]
[Site "204.178.125.65"]
[Date "2000.06.15"]
[Round "?"]
[White "Hossa"]
[Black "JudgeTurpin"]
[Result "0-1"]
[WhiteElo "2303"]
[BlackElo "2376"]
[PlyCount "110"]
[EventDate "2000.??.??"]

1. e4 c5 2. c3 Nf6 3. e5 Nd5 4. d4 cxd4 5. Nf3 Nc6 6. Bc4 Nb6 7. Bb3 d5 8. exd6
Qxd6 9. Nxd4 Bd7 10. O-O Nxd4 11. cxd4 e6 12. Nc3 Bc6 13. Qg4 h5 14. Qf4 a5 15.
Rd1 a4 16. Qxd6 Bxd6 17. d5 Nxd5 18. Bxd5 exd5 19. Nxd5 Rd8 20. Bf4 Bxf4 21.
Nxf4 g5 22. Ne2 Ke7 23. f4 g4 24. Nd4 Bd5 25. Nb5 Be6 26. Re1 Kf6 27. Nc7 Rd2
28. Nxe6 fxe6 29. Rab1 Rc8 30. Red1 Rcc2 31. Rxd2 Rxd2 32. g3 Re2 33. Kh1 b5
34. Kg1 b4 35. a3 b3 36. Kh1 Kf5 37. Kg1 Ke4 38. Kf1 Rxh2 39. Kg1 Rc2 40. f5
exf5 41. Rf1 Rxb2 42. Rf4+ Ke3 43. Rxa4 Ra2 44. Rb4 b2 45. Rb3+ Kd4 46. Kf1
Ra1+ 47. Ke2 b1=Q 48. Rxb1 Rxb1 49. a4 Rb2+ 50. Kf1 h4 51. gxh4 f4 52. a5 g3
53. h5 f3 54. Ke1 g2 55. a6 g1=Q# {Hossa checkmated} 0-1

[Event "ICS rated standard match"]
[Site "204.178.125.65"]
[Date "2000.06.15"]
[Round "?"]
[White "Hossa"]
[Black "Amorei-c"]
[Result "1-0"]
[WhiteElo "2290"]
[BlackElo "2052"]
[PlyCount "145"]
[EventDate "2000.??.??"]

1. e4 e5 2. Nf3 Nc6 3. Bc4 Nf6 4. Ng5 d5 5. exd5 Na5 6. Bb5+ c6 7. dxc6 bxc6 8.
Qf3 Rb8 9. Bd3 h6 10. Ne4 Nd5 11. O-O Qh4 12. Re1 Be7 13. Nec3 Be6 14. Rxe5 O-O
15. Nxd5 Bxd5 16. Rxd5 cxd5 17. Qf5 g6 18. Qxd5 Qg4 19. Nc3 Bb4 20. h3 Qg5 21.
Qxg5 hxg5 22. Nd5 Rfd8 23. Be4 f5 24. Bf3 Nc6 25. c3 Be7 26. d4 Rd7 27. b3 Rc8
28. Nxe7+ Nxe7 29. Bd2 Kf7 30. Rc1 Nd5 31. Bxd5+ Rxd5 32. Bxg5 Ra5 33. Ra1 Rb8
34. b4 Ra3 35. Bd2 Rd8 36. g3 Rd5 37. f3 a5 38. bxa5 Rdxa5 39. Kf2 Rxa2 40.
Rxa2 Rxa2 41. Ke2 Ra4 42. h4 Ke6 43. Kd3 Ra3 44. Bf4 Kd7 45. d5 Ra1 46. c4 Ra3+
47. Kd4 Ra4 48. g4 fxg4 49. fxg4 Ra2 50. c5 Rc2 51. c6+ Kc8 52. Ke4 Rc4+ 53.
Ke5 Kc7 54. h5 g5 55. Bd2 Ra4 56. h6 Ra8 57. h7 Re8+ 58. Kf6 Kd6 59. Bxg5 Kxd5
60. Kf7 Rh8 61. Kg7 Rc8 62. Bf4 Kxc6 63. h8=R Rc7+ 64. Bxc7 Kd7 65. Rh6 Kxc7
66. g5 Kd7 67. Kf8 Kc7 68. Ke8 Kc8 69. Rh7 Kb8 70. Kd8 Ka8 71. Kc7 Ka7 72. Rh6
Ka8 73. Ra6# {Amorei-c checkmated} 1-0

[Event "ICS rated standard match"]
[Site "204.178.125.65"]
[Date "2000.06.15"]
[Round "?"]
[White "JudgeTurpin"]
[Black "Hossa"]
[Result "1-0"]
[WhiteElo "2413"]
[BlackElo "2296"]
[PlyCount "77"]
[EventDate "2000.??.??"]

1. d4 e6 2. c4 d6 3. Nc3 Nd7 4. Nf3 e5 5. e3 Ngf6 6. Bd3 g6 7. O-O Bg7 8. c5
dxc5 9. dxe5 Ng4 10. e6 fxe6 11. Qa4 Nge5 12. Nxe5 Bxe5 13. f4 Bxc3 14. bxc3
O-O 15. Ba3 Nf6 16. Qc2 Qe7 17. Bc4 Nd5 18. Qd3 Rd8 19. Rad1 Rd7 20. Qe4 c6 21.
Qe5 b5 22. Bb3 Ba6 23. e4 b4 24. exd5 exd5 25. Rxd5 c4 26. Rxd7 Qxd7 27. Bb2
cxb3 28. c4 Bxc4 29. Qh8+ Kf7 30. Qf6+ Kg8 31. Re1 Be6 32. Rxe6 Qd1+ 33. Kf2
Qc2+ 34. Ke3 Qxb2 35. Qxb2 Rf8 36. Re7 Rf7 37. Qxb3 c5 38. Qxf7+ Kh8 39. Re8# {
Hossa checkmated} 1-0

[Event "ICS rated standard match"]
[Site "204.178.125.65"]
[Date "2000.06.16"]
[Round "?"]
[White "Badaboum"]
[Black "Hossa"]
[Result "0-1"]
[WhiteElo "2200"]
[BlackElo "2273"]
[PlyCount "54"]
[EventDate "2000.??.??"]

1. d4 e6 2. Nf3 d5 3. e3 c5 4. c3 Nc6 5. Bd3 Nf6 6. Nbd2 Qc7 7. O-O Bd7 8. Qe2
O-O-O 9. e4 cxd4 10. Nxd4 Bd6 11. h3 dxe4 12. Nxe4 Nxe4 13. Bxe4 Ne5 14. Bf4 f6
15. Nb5 Bxb5 16. Qxb5 g5 17. Bxe5 Bxe5 18. Rad1 Kb8 19. Qe2 Bh2+ 20. Kh1 Bd6
21. Rd3 f5 22. Bf3 e5 23. Re3 e4 24. Bh5 Bc5 25. Rg3 Qf4 26. Rd1 Rxd1+ 27. Qxd1
Bxf2 {Badaboum resigns} 0-1

[Event "ICS rated blitz match"]
[Site "204.178.125.65"]
[Date "2000.06.16"]
[Round "?"]
[White "QueenMaxima"]
[Black "Hossa"]
[Result "1-0"]
[WhiteElo "2489"]
[BlackElo "2355"]
[PlyCount "139"]
[EventDate "2000.??.??"]

1. e4 c5 2. Nf3 d6 3. d4 cxd4 4. Nxd4 Nf6 5. Nc3 Bd7 6. Bg5 Nc6 7. Be2 Nxd4 8.
Qxd4 h6 9. Be3 g6 10. O-O-O Bg7 11. e5 dxe5 12. Qxe5 Nh5 13. Qc5 b6 14. Qa3 Rc8
15. Rxd7 Qxd7 16. Bb5 Rc6 17. Rd1 Qc8 18. Nd5 Bf6 19. Nb4 O-O 20. Nxc6 Qf5 21.
Qb4 Ng7 22. Nxa7 Bg5 23. f4 Qe6 24. Rd3 Bf6 25. Bc4 Qg4 26. Rd2 Nf5 27. Bxb6
Nd6 28. Bd5 Qh4 29. g3 Qh3 30. Bc5 Nf5 31. Qb5 Nd6 32. Qa6 Rb8 33. c3 Qd7 34.
Bg2 Qf5 35. Bxd6 exd6 36. Qxd6 Re8 37. Bf3 Kg7 38. Nc6 Qh3 39. Qd5 Qf1+ 40. Rd1
Qf2 41. f5 Rf8 42. Rh1 Re8 43. fxg6 fxg6 44. Qd7+ Kf8 45. Bd5 Bg5+ 46. Kb1 Re2
47. Qd6+ Kg7 48. Qc7+ Kf8 49. Qb8+ Re8 50. Qd6+ Kg7 51. Qd7+ Kf8 52. Be6 Qf6
53. Bc4 Qf2 54. h4 Re1+ 55. Rxe1 Qxe1+ 56. Kc2 Qd2+ 57. Qxd2 Bxd2 58. Kxd2 Ke8
59. Ne5 Ke7 60. Nxg6+ Kd8 61. h5 Kc7 62. g4 Kb6 63. g5 hxg5 64. h6 g4 65. h7 g3
66. h8=Q Kb7 67. Bd5+ Ka6 68. Qb8 Ka5 69. Bc4 Ka4 70. Qa8# {Hossa checkmated}
1-0

[Event "ICS rated standard match"]
[Site "204.178.125.65"]
[Date "2000.06.16"]
[Round "?"]
[White "Hossa"]
[Black "CiberBrain"]
[Result "0-1"]
[WhiteElo "2274"]
[BlackElo "2100"]
[PlyCount "110"]
[EventDate "2000.??.??"]

1. e4 c5 2. Nf3 d6 3. d4 cxd4 4. Nxd4 Nf6 5. Nc3 e6 6. Be2 a6 7. O-O Be7 8. f4
Nc6 9. Be3 O-O 10. Bf3 Qc7 11. Qc1 Bd7 12. a4 Nxd4 13. Bxd4 e5 14. Bf2 Rac8 15.
a5 exf4 16. Bb6 Qc4 17. Be2 Qe6 18. Qxf4 Bc6 19. Bf3 Nd7 20. Bd4 Bf6 21. Bxf6
Nxf6 22. Rad1 Qe5 23. Qxe5 dxe5 24. Rf2 Rfd8 25. Rfd2 Rxd2 26. Rxd2 Bd7 27. Nd5
Nxd5 28. exd5 f5 29. Be2 Rc5 30. b4 Rc3 31. Kf2 e4 32. Ke1 Kf7 33. g3 g5 34.
Bd1 Kf6 35. Be2 f4 36. gxf4 gxf4 37. Rd4 Ke5 38. Rd2 f3 39. Bxf3 Rxf3 40. c4
Rc3 41. Rg2 Rxc4 42. Rg7 Bc8 43. Rxh7 Rxb4 44. Rc7 Bg4 45. Kf2 Rb3 46. h4 e3+
47. Kg3 Kd6 48. Rc4 e2+ 49. Kf2 Rb1 50. Re4 Rf1+ 51. Kg3 Kxd5 52. Rxg4 e1=Q+
53. Kh3 Rh1+ 54. Kg2 Qf1+ 55. Kg3 Rh3# {Hossa checkmated} 0-1

[Event "ICS Rated standard match"]
[Site "204.178.125.65"]
[Date "2000.06.16"]
[Round "?"]
[White "gambitmaster"]
[Black "Hossa"]
[Result "1-0"]
[WhiteElo "2377"]
[BlackElo "2273"]
[PlyCount "157"]
[EventDate "2000.??.??"]

1. d4 e6 2. c4 b6 3. Nf3 d5 4. e3 Nf6 5. cxd5 exd5 6. Ne5 c6 7. Qc2 Bd6 8. Bd3
Qc7 9. f4 Ba6 10. Bxa6 Nxa6 11. O-O Rc8 12. Nc3 O-O 13. Bd2 Bb4 14. Rac1 Bxc3
15. Qxc3 Ne4 16. Qd3 Nb8 17. Rc2 Rfe8 18. Rfc1 Qb7 19. Bb4 Na6 20. Qb3 Nb8 21.
Qa4 Rc7 22. Nxc6 Rxc6 23. Rxc6 Nxc6 24. Qxc6 Qxc6 25. Rxc6 h6 26. Kf1 Nf6 27.
Ke2 Ne4 28. f5 Rb8 29. Rc7 a5 30. Be7 a4 31. Rd7 Re8 32. a3 Kh7 33. Bd8 b5 34.
Bh4 g5 35. Be1 h5 36. Kd3 h4 37. Rxd5 Nf6 38. Rxb5 Ng4 39. e4 Nxh2 40. d5 Ng4
41. d6 Rd8 42. Rd5 Nf6 43. Ba5 Rd7 44. Rd4 Ng4 45. Bc7 Ne5+ 46. Ke3 g4 47. Rxa4
h3 48. gxh3 gxh3 49. Kf2 Ng4+ 50. Kg1 Kh6 51. b4 Kg5 52. b5 f6 53. Rc4 Ne5 54.
Rc3 Kh4 55. Kf1 Rg7 56. Bd8 Nd7 57. Rc2 Kg3 58. Kg1 Rg4 59. Ba5 Ne5 60. Kh1
Rxe4 61. b6 Rf4 62. Rc1 Rxf5 63. b7 Nd7 64. Be1+ Kg4 65. Rc4+ Rf4 66. Rxf4+
Kxf4 67. Ba5 Ke5 68. Bc7 Ke6 69. a4 f5 70. b8=Q Nf6 71. Qc8+ Nd7 72. Qe8+ Kd5
73. Qxd7 f4 74. Qf5+ Kd4 75. d7 Kc3 76. d8=Q f3 77. Qc5+ Kb3 78. Qd3+ Kxa4 79.
Qda3# {Hossa checkmated} 1-0

[Event "ICS rated blitz match"]
[Site "204.178.125.65"]
[Date "2000.06.16"]
[Round "?"]
[White "Hossa"]
[Black "Amateur"]
[Result "0-1"]
[WhiteElo "2368"]
[BlackElo "2615"]
[PlyCount "126"]
[EventDate "2000.??.??"]

1. e4 e6 2. d4 d5 3. Nd2 c5 4. exd5 exd5 5. Ngf3 Nf6 6. Bb5+ Bd7 7. Qe2+ Qe7 8.
O-O Qxe2 9. Bxe2 cxd4 10. Nxd4 Nc6 11. Nb5 Rc8 12. Re1 a6 13. Bd3+ Be6 14. Nc3
Nb4 15. Nf3 Nxd3 16. cxd3 Bb4 17. Bd2 O-O 18. a3 Bd6 19. Rac1 Rfe8 20. Nd4 Ng4
21. h3 Bh2+ 22. Kh1 Nxf2+ 23. Kxh2 Nxd3 24. b3 Rc5 25. Rcd1 Nxe1 26. Rxe1 b5
27. Re5 h6 28. Na2 f6 29. Nxe6 Rc2 30. Nd4 Rxe5 31. Nxc2 Re2 32. Ba5 Rxc2 33.
Nb4 Rc3 34. Nxd5 Rxb3 35. Bb4 Kf7 36. Kg1 a5 37. Bc5 h5 38. Kh2 h4 39. Kg1 Ke6
40. Nc7+ Kd7 41. Na6 Kc6 42. Be7 f5 43. Kf2 f4 44. Nb8+ Kc7 45. Na6+ Kb6 46.
Nc5 Re3 47. Bf8 Re8 48. Kf3 g5 49. Kg4 Kc6 50. Bh6 Kxc5 51. Kf5 b4 52. axb4+
axb4 53. Bg7 Re2 54. Bf6 b3 55. Bg7 Kd5 56. Kg4 b2 57. Kf3 Re3+ 58. Kg4 b1=Q
59. Kh5 Qh7+ 60. Bh6 Qf7+ 61. Kxg5 Re5+ 62. Kg4 Qh5+ 63. Kxf4 Re4# 0-1

[Event "ICS rated standard match"]
[Site "204.178.125.65"]
[Date "2000.06.16"]
[Round "?"]
[White "PostModernist"]
[Black "Hossa"]
[Result "1-0"]
[WhiteElo "2366"]
[BlackElo "2262"]
[PlyCount "71"]
[EventDate "2000.??.??"]

1. e4 e6 2. d4 d5 3. Nd2 c5 4. Ngf3 cxd4 5. exd5 Qxd5 6. Bc4 Qd6 7. O-O Nc6 8.
Nb3 e5 9. Ng5 Nh6 10. f4 Qb4 11. Bd5 f6 12. Bxc6+ bxc6 13. Nf3 Nf7 14. fxe5
fxe5 15. Nxe5 Nxe5 16. Re1 Bd6 17. Bf4 O-O 18. Bxe5 Bxe5 19. Rxe5 Rd8 20. c3
Qb6 21. cxd4 Rf8 22. Re7 Qd8 23. Qe2 Bg4 24. Qe5 Rf6 25. Rf1 Rxf1+ 26. Kxf1
Qf8+ 27. Kg1 Bh5 28. Na5 Bf7 29. Nxc6 Bc4 30. h4 a6 31. d5 Bxa2 32. d6 a5 33.
d7 Bf7 34. Qc7 Bh5 35. d8=Q Rxd8 36. Nxd8 1-0

[Event "ICS rated standard match"]
[Site "204.178.125.65"]
[Date "2000.06.17"]
[Round "?"]
[White "Hossa"]
[Black "gambitmaster"]
[Result "0-1"]
[WhiteElo "2251"]
[BlackElo "2388"]
[PlyCount "150"]
[EventDate "2000.??.??"]

1. d4 Nf6 2. c4 e6 3. g3 c5 4. Nf3 cxd4 5. Nxd4 d5 6. Bg2 e5 7. Nc2 d4 8. f4
Bd6 9. fxe5 Bxe5 10. O-O Qb6 11. e3 dxe3 12. Qe2 O-O 13. Nxe3 Re8 14. Na3 Nc6
15. Nac2 Be6 16. Rf2 Rac8 17. Qd3 Na5 18. Nd5 Qa6 19. Nxf6+ Bxf6 20. Rxf6 gxf6
21. b3 Rcd8 22. Qf1 f5 23. Be3 Nc6 24. Qf4 f6 25. Qh6 Rf8 26. Kh1 Rf7 27. Bf3
Ne5 28. Bh5 Rff8 29. Kg1 Ng4 30. Bxg4 fxg4 31. Bc5 Rf7 32. Nd4 Bd7 33. Qd2 Bc8
34. Rf1 Rc7 35. Bb4 Rcd7 36. Bc3 Qb6 37. Rf4 f5 38. Qe1 Rf8 39. a4 a6 40. a5
Qg6 41. Bb4 Re8 42. Qf1 Rf7 43. Rf2 Re4 44. Ne2 Qg7 45. Qc1 Re8 46. Bc3 Qg6 47.
Nf4 Qh6 48. Qd1 Be6 49. Re2 Rd7 50. Qe1 Rd6 51. Nd5 Kf7 52. Rf2 Bc8 53. Qf1 Qg5
54. Bb4 Rdd8 55. Bc5 Re4 56. Ba3 Rde8 57. Bb4 Qg6 58. Bc3 Rd8 59. Ba1 Kf8 60.
Nf6 Re3 61. b4 Be6 62. b5 axb5 63. c5 b4 64. a6 bxa6 65. Qxa6 Re1+ 66. Rf1
Rxf1+ 67. Qxf1 f4 68. Be5 f3 69. Qc1 Qd3 70. Qh6+ Kf7 71. Qh5+ Ke7 72. Qxh7+
Qxh7 73. Nxh7 Rd2 74. Bf6+ Ke8 75. Bd4 Rxd4 0-1

[Event "ICS rated standard match"]
[Site "204.178.125.65"]
[Date "2000.06.17"]
[Round "?"]
[White "BoeserOnkel"]
[Black "Hossa"]
[Result "1-0"]
[WhiteElo "2497"]
[BlackElo "2241"]
[PlyCount "93"]
[EventDate "2000.??.??"]

1. e4 e6 2. d4 d5 3. Nc3 dxe4 4. Nxe4 Nd7 5. Nf3 Ngf6 6. Nxf6+ Nxf6 7. Bd3 b6
8. Qe2 Be7 9. Bb5+ Bd7 10. Ne5 Bxb5 11. Qxb5+ Kf8 12. Qc6 Bb4+ 13. c3 Bd6 14.
Qf3 Bxe5 15. dxe5 Nd7 16. Bf4 Rb8 17. O-O-O c5 18. Rd6 Qc8 19. Rhd1 Rb7 20.
Qxb7 Qxb7 21. Rxd7 Qc6 22. Bg5 f6 23. exf6 gxf6 24. Rxa7 Qc8 25. Bxf6 Rg8 26.
Rd8+ Qxd8 27. Bxd8 b5 28. Be7+ Ke8 29. Ra8+ Kf7 30. Rxg8 Kxg8 31. c4 Kf7 32.
cxb5 Kxe7 33. g4 e5 34. Kd2 Kd6 35. Ke3 c4 36. Ke4 Ke6 37. a4 Kd6 38. h4 Kc5
39. Kxe5 Kb4 40. b6 Kxa4 41. b7 Kb5 42. b8=Q+ Kc6 43. Qc8+ Kb6 44. Kd5 c3 45.
Qb8+ Ka5 46. Kc5 h6 47. Qb5# 1-0

[Event "ICS rated blitz match"]
[Site "204.178.125.65"]
[Date "2000.06.17"]
[Round "?"]
[White "CheckmateJim"]
[Black "Hossa"]
[Result "0-1"]
[WhiteElo "1955"]
[BlackElo "2367"]
[PlyCount "50"]
[EventDate "2000.??.??"]

1. e4 c5 2. c3 Nf6 3. e5 Nd5 4. Nf3 Nc6 5. Bc4 Nb6 6. Be2 d5 7. d4 cxd4 8. cxd4
f6 9. exf6 gxf6 10. Nc3 Bg7 11. Bf4 O-O 12. Qd2 e5 13. dxe5 fxe5 14. Bg5 Qd7
15. O-O-O e4 16. Ng1 Bxc3 17. Qxc3 Rxf2 18. Bb5 Rxg2 19. Ne2 Rxg5 20. Rhg1 Qg7
21. Kb1 Qxc3 22. Nxc3 Rxg1 23. Rxg1+ Kh8 24. Rd1 Be6 25. Ne2 Bg4 0-1

[Event "ICS rated blitz match"]
[Site "204.178.125.65"]
[Date "2000.06.17"]
[Round "?"]
[White "Hossa"]
[Black "QueenMaxima"]
[Result "1-0"]
[WhiteElo "2370"]
[BlackElo "2508"]
[PlyCount "69"]
[EventDate "2000.??.??"]

1. e4 e5 2. Nf3 Nc6 3. Bc4 Nf6 4. Ng5 d5 5. exd5 Na5 6. Bb5+ c6 7. dxc6 bxc6 8.
Qf3 Rb8 9. Bd3 h6 10. Ne4 Nd5 11. O-O Nb4 12. Re1 Nxd3 13. cxd3 Be6 14. Qg3 f6
15. f4 exf4 16. Qxf4 Kf7 17. Qf2 Qb6 18. d4 Qa6 19. Na3 Bxa3 20. bxa3 Bd5 21.
Nd6+ Kg8 22. Re7 Qb6 23. d3 a6 24. Bd2 Rh7 25. Rae1 Bf7 26. Nxf7 Rf8 27. Nxh6+
Rxh6 28. Bxh6 Rf7 29. Re8+ Kh7 30. Qf5+ g6 31. Qh3 Rb7 32. R8e7+ Rxe7 33. Rxe7+
Kh8 34. Qc8+ Qd8 35. Qxd8# 1-0

[Event "ICS rated blitz match"]
[Site "204.178.125.65"]
[Date "2000.06.17"]
[Round "?"]
[White "QueenMaxima"]
[Black "Hossa"]
[Result "0-1"]
[WhiteElo "2486"]
[BlackElo "2392"]
[PlyCount "112"]
[EventDate "2000.??.??"]

1. e4 c5 2. Nf3 d6 3. d4 cxd4 4. Nxd4 Nf6 5. Nc3 a6 6. Bg5 e5 7. Nb3 Be7 8. Be2
Nc6 9. O-O O-O 10. Qd2 a5 11. a4 Be6 12. Rfd1 Bxb3 13. cxb3 Nd4 14. Bc4 Rc8 15.
Bxf6 Bxf6 16. Nb5 Re8 17. Qd3 Rc5 18. Nxd4 exd4 19. Rac1 Qc8 20. Qf3 Qb8 21.
Qg4 Rd8 22. f4 Qc8 23. Qf3 d5 24. exd5 Rdxd5 25. Qxd5 Rxd5 26. Bxd5 Qd7 27. Be4
g6 28. Rd3 Kg7 29. g3 Qe7 30. Bf3 g5 31. Kh1 gxf4 32. gxf4 Kg6 33. Rc2 Qe1+ 34.
Kg2 b6 35. Re2 Qh4 36. Be4+ Kg7 37. Rg3+ Kf8 38. Bc6 Be7 39. Rf3 Qg4+ 40. Kh1
d3 41. Rg2 Qe6 42. Rfg3 f5 43. Bf3 Bc5 44. h3 d2 45. Rg5 Qe1+ 46. Kh2 d1=Q 47.
Bxd1 Qxd1 48. b4 Bxb4 49. Rxf5+ Ke7 50. Re5+ Kf6 51. Rgg5 Qc2+ 52. Kg3 Bc5 53.
Kh4 Qf2+ 54. Kh5 Qf3+ 55. Kh4 Bf2+ 56. Rg3 Bxg3# 0-1

[Event "ICS rated standard match"]
[Site "204.178.125.65"]
[Date "2000.06.17"]
[Round "?"]
[White "Hossa"]
[Black "BoeserOnkel"]
[Result "0-1"]
[WhiteElo "2235"]
[BlackElo "2498"]
[PlyCount "104"]
[EventDate "2000.??.??"]

1. e4 e6 2. d4 d5 3. Nd2 c5 4. Ngf3 Nc6 5. exd5 exd5 6. dxc5 Bxc5 7. Nb3 Bb6 8.
Bd3 Nf6 9. O-O O-O 10. Bg5 Qd6 11. Re1 Bg4 12. Nbd2 Rfe8 13. Be2 Ne4 14. Nxe4
Rxe4 15. c3 Rae8 16. Bd2 Bh5 17. Rc1 Qf6 18. Bb5 R8e6 19. Be2 Ne5 20. Be3 Rxe3
21. fxe3 Bxe3+ 22. Kh1 Bxf3 23. Bxf3 Bxc1 24. Qxc1 Nxf3 25. Rxe6 fxe6 26. gxf3
Qxf3+ 27. Kg1 Kf7 28. Qc2 Qg4+ 29. Qg2 Qxg2+ 30. Kxg2 b5 31. a3 Kf6 32. Kf1 Kf5
33. Kf2 Kf4 34. Ke2 Kg4 35. Kf2 Kh3 36. Kg1 e5 37. Kh1 g5 38. Kg1 g4 39. b3 h5
40. Kh1 h4 41. Kg1 g3 42. hxg3 hxg3 43. Kf1 g2+ 44. Kf2 Kh2 45. Ke2 g1=Q 46.
Kd2 Qf2+ 47. Kc1 e4 48. Kb1 e3 49. a4 e2 50. Kb2 e1=Q+ 51. Ka3 Qxc3 52. axb5
Qa5# 0-1